000 00970nam0a22003011 4500
001 rc\2153401
005 20250623102656.0
035 _a(NLR Aleph) 006720292
090 _a5436213
_c5436213
100 _a20110829d1979 |||y0rusy50 ca
101 0 _arus
102 _aRU
105 _aa z |||||
200 1 _aУчись здоровым быть
210 _aСтаврополь
_cКн. изд-во
_d1979
215 _a110 с.
_cил.
_d20
225 1 _aКурорты - школа здоровья
606 _aГигиена личная
_2psbo
606 _aКурортотерапия
_2psbo
700 1 _4570
_7ca
_8rus
_aСмирнов-Каменский
_bЕ. А.
_f1905-1994
_gЕвгений Арсеньевич
_9252242
_3RU\NLR\AUTH\770252298
801 0 _aRU
_bNLR
_gpsbo
801 1 _aRU
_bELAR
_2rusmarc
852 _aNLR
_j80-3/4300
899 _aRuMoRGB
_jM 79-20/258
899 _aRuMoRGB
_jM 79-20/259
942 _cBOOK
980 _aNB